000
00324nam a2200133Ia 4500
008
210312s9999||||xx |||||||||||||| ||und||
041
_a
osm
050
_a
DR571
050
_b
M43
100
_a
Mehmed Memduh Paşa
245
0
_a
Kuvvet-i ikbal-Alâmet-i zeval
260
_c
1923
650
_a
Tarih--Türkiye--Osmanlı Devleti
999
_c
21950
_d
21950